00961cam a2200265 a 4500001001300000003000400013005001700017008004100034010001700075035001800092040001300110041001300123050002400136130002200160245005600182260004000238300001900278440005200297546002900349504004100378505018100419700003600600700004200636999001700678sa 66000653 DLC20260227112216.0720816s1965 ii b 000 0 eng  asa 66000653  a(OCoLC)383899 aDLCcDLC1 aenghave00aBL1515.2b.E53 19650 aAvesta.lEnglish.14aThe Zend-Avesta /ctranslated by James Darmesteter. aDelhi :bMotilal Banarsidassc1965. a3 v. ;c23 cm. 0aSacred books of the East series ;vv. 4, 23, 31 aTranslated from Avestan. aIncludes bibliographical references.0 apt. 1. The Vendīdād -- pt. 2. The Sirōzahs, Yasts and Nyāyis -- pt. 3. The Yasna, Visparad, Afrinagān, Gābs, and miscellaneous fragments / translated by L.H. Mills.1 aDarmesteter, James,d1849-1894.1 aMills, Lawrence Heyworth,d1837-1918. c67366d67366